000 01005nam a22003017a 4500
003 CHAP
005 20220329143848.0
008 120307s2011 mx r 00010 spa d
010 _a102913
011 _a103885
020 _a9780135014493
035 _a114574
040 _cCHAP
082 0 4 _a631.53
_bH25y 2011
245 0 0 _aHartmann & Kester<U+2019>s plant propagation :
_bprinciples and practices
_c/ por Hudson T. Hartmann ...[et al.]
250 _a8 ed.
260 _aNew Jersey :
_bPrentice Hall,
_cc2011
300 _axii, 915 p. :
_bilus.
590 _aBATCH-UPD
_b10
_c20130110
_lUCH01
_h0855
590 _aBATCH-UPD
_b10
_c20130410
_lUCH01
_h0526
590 _aBATCH-UPD
_b10
_c20130914
_lUCH01
_h1603
590 _aCONVERSION
_b10
_c20130109
_lUCH01
_h1357
650 0 4 _aPropagación de plantas.
_992417
700 0 _aHartmann, Hudson Thomas.
_952957
901 _aBK
942 _cLIBRO
949 _a631.53 H25y 2011
_bBC
_cLIBRO
_d33724002318058
_eLIBRO
_gI.260050
_h116357
_i114574
_si
_t$2,034.00
999 _c102913
_d102913